[Event "VI Festival Piemonte Scacchi"]
[Site "Torino ITA"]
[Date "2005.11.27"]
[Round "7"]
[White "Malano, Francesco"]
[Black "Milanesi, Erminio"]
[Result "1/2-1/2"]
[WhiteElo "2037"]
[BlackElo "1616"]
[PlyCount "68"]
[EventDate "2005.11.18"]

1. c4 g6 2. g3 Nh6 3. Bg2 f6 4. d4 Nf7 5. Nf3 Bg7 6. Nc3 c6 7. e4 d6 8. Be3 Na6
9. Qd2 Nc7 10. Rd1 O-O 11. O-O e5 12. Nh4 Qe7 13. Rfe1 Ne6 14. d5 Nc7 15. b4
cxd5 16. exd5 f5 17. Nf3 Bd7 18. Bf1 Kh8 19. Kg2 Nd8 20. a3 h6 21. h4 Kh7 22.
Nh2 Qf6 23. f3 g5 24. hxg5 hxg5 25. Be2 Rh8 26. Rh1 Kg8 27. Qe1 f4 28. Bg1 Bh3+
29. Kf2 fxg3+ 30. Kxg3 Qf4+ 31. Kf2 Qh4+ 32. Ke3 Qf4+ 33. Kf2 Qh4+ 34. Ke3 Qf4+
1/2-1/2

[Event "VI Festival Piemonte Scacchi"]
[Site "Torino ITA"]
[Date "2005.11.27"]
[Round "7"]
[White "Martin, Tiziano"]
[Black "Figari, Andrea"]
[Result "1-0"]
[WhiteElo "2002"]
[BlackElo "1524"]
[PlyCount "59"]
[EventDate "2005.11.18"]

1. e4 e5 2. Nc3 Nf6 3. Bc4 Bc5 4. d3 O-O 5. Nf3 Nc6 6. Bg5 h6 7. Bh4 Be7 8. Qd2
d6 9. h3 Na5 10. Bb3 Nxb3 11. axb3 Be6 12. Bxf6 Bxf6 13. O-O Kh7 14. Kh2 c6 15.
g4 Rh8 16. Rg1 g5 17. Ne2 Qc7 18. Ng3 d5 19. Qe2 d4 20. Nd2 Qb6 21. Qf3 Kg6 22.
Nc4 Qc5 23. Ra5 b5 24. Nh5 Bd8 25. b4 Qxb4 26. Nxe5+ Kh7 27. Nxc6 Qd6+ 28. e5
Qc7 29. Rga1 Bd7 30. Qxf7# 1-0

[Event "VI Festival Piemonte Scacchi"]
[Site "Torino ITA"]
[Date "2005.11.27"]
[Round "7"]
[White "Marvin, Elio"]
[Black "Blundo, Michele"]
[Result "1/2-1/2"]
[WhiteElo "1696"]
[BlackElo "1682"]
[PlyCount "71"]
[EventDate "2005.11.18"]

1. e4 c5 2. f4 d6 3. c4 Nc6 4. d3 Nf6 5. Nf3 Bg4 6. Be2 Bxf3 7. Bxf3 e6 8. O-O
Be7 9. Be3 O-O 10. Nc3 a6 11. a4 Qc7 12. Qd2 Rad8 13. Rfc1 b6 14. b3 d5 15.
exd5 exd5 16. cxd5 Nb4 17. d4 Nbxd5 18. Nxd5 Nxd5 19. Bxd5 Rxd5 20. Qe2 Qb7 21.
dxc5 Bxc5 22. Bxc5 bxc5 23. Qc4 Rfd8 24. Rab1 Rd2 25. Qf1 Qd5 26. Rc4 Rd6 27.
Re1 Re6 28. Rxe6 fxe6 29. Qf3 Qd8 30. Qe3 Rd1+ 31. Kf2 Qh4+ 32. Qg3 Qf6 33. Ke2
Rd5 34. Qc3 Qf5 35. h3 h5 36. Qc2 1/2-1/2

[Event "VI Festival Piemonte Scacchi"]
[Site "Torino ITA"]
[Date "2005.11.27"]
[Round "7"]
[White "Pettorusso, Aldo"]
[Black "Abbura', Davide"]
[Result "0-1"]
[WhiteElo "1634"]
[BlackElo "1745"]
[PlyCount "74"]
[EventDate "2005.11.18"]

1. e4 e6 2. d4 d5 3. Nc3 dxe4 4. Nxe4 Bd7 5. Be2 Bc6 6. Bf3 Nd7 7. Ng5 Bd5 8.
Qd3 Ngf6 9. Bxd5 exd5 10. Ne2 h6 11. Nf3 Bd6 12. Bf4 Bxf4 13. Nxf4 c6 14. O-O-O
Ne4 15. Rhe1 O-O 16. Rf1 Ndf6 17. Ne5 Qa5 18. Kb1 Rac8 19. f3 Nd6 20. g4 c5 21.
dxc5 Rxc5 22. Nh5 Nde8 23. h4 Qb5 24. Nxf6+ Nxf6 25. Qxb5 Rxb5 26. g5 hxg5 27.
hxg5 Nh5 28. c4 dxc4 29. Nxc4 Rxg5 30. Rd7 b5 31. Na5 a6 32. Nb3 Re8 33. Nd2
Re2 34. Ne4 Rgg2 35. Rh1 Rxb2+ 36. Kc1 g6 37. Rd2 Rxa2 0-1

[Event "VI Festival Piemonte Scacchi"]
[Site "Torino ITA"]
[Date "2005.11.27"]
[Round "7"]
[White "Sattanino, Andrea"]
[Black "Vassallo, Raffaele"]
[Result "1-0"]
[WhiteElo "1530"]
[BlackElo "1472"]
[PlyCount "85"]
[EventDate "2005.11.18"]

1. d4 d5 2. c4 c6 3. Nc3 Bf5 4. Nf3 Nf6 5. Bf4 e6 6. h3 h6 7. e3 Be7 8. Bd3
Bxd3 9. Qxd3 Nbd7 10. O-O O-O 11. c5 Re8 12. a4 a5 13. Ne5 Nf8 14. Rab1 N6h7
15. b4 Bf6 16. b5 Bxe5 17. Bxe5 f6 18. Bd6 Ng5 19. bxc6 bxc6 20. Rb7 Nf7 21.
Bc7 Qe7 22. Rfb1 Rec8 23. Bxa5 Qe8 24. Bc7 Nd8 25. Bxd8 Qxd8 26. R1b4 f5 27.
Qb1 Nd7 28. Ne2 Qe8 29. Nc1 Nf6 30. Nd3 Ne4 31. Qb2 Qh5 32. f3 Ng5 33. Ne5 Qh4
34. Qf2 Nxh3+ 35. gxh3 Qg5+ 36. Qg2 Qxe3+ 37. Kh1 Qc1+ 38. Qg1 Qxg1+ 39. Kxg1
Kh8 40. Re7 Rcb8 41. Nxc6 Rxb4 42. Nxb4 Rxa4 43. Nc6 1-0

[Event "VI Festival Piemonte Scacchi"]
[Site "Torino ITA"]
[Date "2005.11.27"]
[Round "7"]
[White "Sola, Giuseppe"]
[Black "Berutti, Mario"]
[Result "1-0"]
[WhiteElo "1902"]
[BlackElo "1862"]
[PlyCount "101"]
[EventDate "2005.11.18"]

1. e4 e5 2. Nf3 Nf6 3. Nc3 Nc6 4. Bb5 Nd4 5. Ba4 Nxf3+ 6. Qxf3 Bc5 7. d3 c6 8.
Bg5 h6 9. Bxf6 Qxf6 10. Qxf6 gxf6 11. a3 Rg8 12. g3 d6 13. h3 Be6 14. g4 O-O-O
15. Ke2 a6 16. Raf1 Ba7 17. f4 d5 18. exd5 cxd5 19. Bb3 d4 20. Bxe6+ fxe6 21.
Ne4 f5 22. Nf6 Rg6 23. fxe5 Bb8 24. gxf5 Rg2+ 25. Kf3 Rxc2 26. fxe6 Bxe5 27. e7
Bxf6 28. exd8=Q+ Kxd8 29. Rf2 Rc7 30. Re2 Bg5 31. Rhh2 Rf7+ 32. Ke4 Be3 33.
Rxe3 dxe3 34. Kxe3 Kd7 35. Rg2 Re7+ 36. Kd4 Re6 37. h4 Kc6 38. h5 Rd6+ 39. Kc4
b5+ 40. Kc3 Kd5 41. Rg4 Rf6 42. Rd4+ Ke5 43. Re4+ Kf5 44. Rd4 Rc6+ 45. Kb4 Kg5
46. Rd5+ Kg4 47. b3 Rf6 48. Ka5 Rf5 49. Rxf5 Kxf5 50. Kxa6 Kg5 51. Kxb5 1-0

[Event "VI Festival Piemonte Scacchi"]
[Site "Torino ITA"]
[Date "2005.11.27"]
[Round "7"]
[White "Sorcinelli, Francesco"]
[Black "Diana, Riccardo"]
[Result "1-0"]
[WhiteElo "2071"]
[BlackElo "2096"]
[PlyCount "43"]
[EventDate "2005.11.18"]

1. e4 e5 2. f4 exf4 3. Bc4 Nf6 4. Nc3 c6 5. Bb3 d5 6. exd5 cxd5 7. d4 Bb4 8.
Nf3 Ne4 9. O-O Bxc3 10. bxc3 O-O 11. Bxf4 Nxc3 12. Qe1 Ne4 13. c4 Be6 14. Bc2
f6 15. Rb1 b6 16. Ng5 Nxg5 17. Bxg5 Qd7 18. c5 bxc5 19. dxc5 Nc6 20. Ba4 d4 21.
Rb7 Qe8 22. Rc7 1-0

[Event "VI Festival Piemonte Scacchi"]
[Site "Torino ITA"]
[Date "2005.11.27"]
[Round "7"]
[White "Verardi, Gianparide"]
[Black "Gatti, Franco"]
[Result "1-0"]
[WhiteElo "1640"]
[BlackElo "1532"]
[PlyCount "61"]
[EventDate "2005.11.18"]

1. Nf3 Nf6 2. d4 d5 3. Bg5 c5 4. c3 cxd4 5. cxd4 Nc6 6. Nc3 Ne4 7. Bf4 Nxc3 8.
bxc3 e6 9. e3 Bd7 10. Bd3 Rc8 11. O-O Be7 12. Qe2 O-O 13. Rac1 Na5 14. Ne5 Ba3
15. Qh5 f5 16. Nxd7 Qxd7 17. Rc2 g6 18. Qe2 a6 19. h4 Be7 20. Bg5 Bxg5 21. hxg5
Qg7 22. c4 dxc4 23. Bxc4 Rxc4 24. Rxc4 Nxc4 25. Qxc4 Qe7 26. f4 Rd8 27. Rc1 Qd6
28. Qc7 Qd7 29. a4 Kg7 30. Qe5+ Kg8 31. Rc7 1-0

[Event "VI Festival Piemonte Scacchi"]
[Site "Torino ITA"]
[Date "2005.11.27"]
[Round "8"]
[White "Abbura', Davide"]
[Black "Gussone, Claudio"]
[Result "1/2-1/2"]
[WhiteElo "1745"]
[BlackElo "1885"]
[PlyCount "62"]
[EventDate "2005.11.18"]

1. e4 d6 2. d4 Nf6 3. Nc3 e5 4. dxe5 dxe5 5. Qxd8+ Kxd8 6. a3 Be6 7. Bg5 Nbd7
8. Nf3 Kc8 9. Nd2 h6 10. Bxf6 gxf6 11. Bc4 c6 12. Bxe6 fxe6 13. Nc4 Kc7 14. Ke2
h5 15. g3 Rd8 16. Rad1 b5 17. Ne3 a5 18. Na2 Bh6 19. b3 Nc5 20. f3 Rh7 21. Rxd8
Kxd8 22. Rd1+ Kc7 23. Nc1 Bf8 24. c4 b4 25. axb4 axb4 26. Nc2 Nb7 27. Nd3 c5
28. Ra1 Kb6 29. Ra8 Be7 30. Ra2 Na5 31. Na1 Nc6 1/2-1/2

[Event "VI Festival Piemonte Scacchi"]
[Site "Torino ITA"]
[Date "2005.11.27"]
[Round "8"]
[White "Angioni, Gian Carlo"]
[Black "Capuzzimati, Fausto"]
[Result "1-0"]
[WhiteElo "1832"]
[BlackElo "1488"]
[PlyCount "59"]
[EventDate "2005.11.18"]

1. e4 c5 2. Nf3 d6 3. d4 cxd4 4. Nxd4 Nc6 5. Nc3 e5 6. Nb3 a6 7. Be2 Nf6 8. a4
b6 9. Be3 Be7 10. O-O Be6 11. f3 Bxb3 12. cxb3 O-O 13. Qd2 Nd7 14. Rfd1 Nc5 15.
Bc4 Rc8 16. Nd5 b5 17. axb5 axb5 18. Bxc5 dxc5 19. Bxb5 Nd4 20. Bc4 Rb8 21.
Nxe7+ Qxe7 22. Ra3 Rfd8 23. Qf2 Nxf3+ 24. Qxf3 Rxd1+ 25. Qxd1 Rd8 26. Bd5 Kf8
27. Qh5 h6 28. Ra1 Qc7 29. Qf5 Ke8 30. Qh7 1-0

[Event "VI Festival Piemonte Scacchi"]
[Site "Torino ITA"]
[Date "2005.11.27"]
[Round "8"]
[White "Berutti, Mario"]
[Black "Sattanino, Andrea"]
[Result "1-0"]
[WhiteElo "1862"]
[BlackElo "1530"]
[PlyCount "53"]
[EventDate "2005.11.18"]

1. e4 c5 2. Nf3 d6 3. d4 cxd4 4. Nxd4 Nc6 5. Nc3 g6 6. Be3 Nf6 7. f3 Bg7 8.
Nxc6 bxc6 9. Qd2 O-O 10. O-O-O Re8 11. Bc4 Nd7 12. Bh6 Bh8 13. h4 Qa5 14. h5
Bxc3 15. bxc3 Qa3+ 16. Kb1 Rb8+ 17. Bb3 Nb6 18. Qd4 e5 19. Qxd6 Qxd6 20. Rxd6
Be6 21. hxg6 hxg6 22. Rxc6 Na4 23. Bg5 Kg7 24. Rc7 a5 25. f4 Rec8 26. fxe5 Rg8
27. Bh6+ 1-0

[Event "VI Festival Piemonte Scacchi"]
[Site "Torino ITA"]
[Date "2005.11.27"]
[Round "8"]
[White "Blundo, Michele"]
[Black "Pettorusso, Aldo"]
[Result "1-0"]
[WhiteElo "1682"]
[BlackElo "1634"]
[PlyCount "61"]
[EventDate "2005.11.18"]

1. d4 d5 2. Nf3 Nf6 3. e3 e6 4. Be2 c6 5. Nbd2 Bd6 6. a3 b6 7. b4 Nbd7 8. Bb2
O-O 9. O-O c5 10. bxc5 bxc5 11. c4 Rb8 12. Qc2 Ba6 13. Rfe1 Qe7 14. Rab1 Bb7
15. Bd3 cxd4 16. exd4 dxc4 17. Bxc4 Bf4 18. Red1 Rfc8 19. Qd3 Nb6 20. Bb3 Nbd5
21. Rbc1 Bd6 22. g3 Bxa3 23. Bxd5 Bxd5 24. Rxc8+ Rxc8 25. Bxa3 Qb7 26. Bc5 a5
27. Ra1 Ne4 28. Rxa5 Qb2 29. Nxe4 Qc1+ 30. Kg2 Bc4 31. Ra1 1-0

[Event "VI Festival Piemonte Scacchi"]
[Site "Torino ITA"]
[Date "2005.11.27"]
[Round "8"]
[White "Catana, Costel"]
[Black "Cottone, Salvatore"]
[Result "1-0"]
[WhiteElo "2095"]
[BlackElo "1769"]
[PlyCount "57"]
[EventDate "2005.11.18"]

1. e4 d6 2. d4 Nf6 3. Nc3 c6 4. Bd3 e5 5. Nf3 Nbd7 6. O-O Be7 7. Be3 O-O 8. Qd2
Ng4 9. Rad1 Nxe3 10. Qxe3 Qc7 11. Rd2 Nf6 12. Rfd1 Bg4 13. Be2 Rfd8 14. h3 Bxf3
15. Bxf3 a6 16. Ne2 Nd7 17. Bg4 Nb6 18. b3 d5 19. dxe5 Qxe5 20. Qxb6 Bd6 21.
exd5 Re8 22. dxc6 Qh2+ 23. Kf1 Qh1+ 24. Ng1 Bh2 25. f4 Bxf4 26. cxb7 Rab8 27.
Rd8 Be3 28. Rxe8+ Rxe8 29. Qxe3 1-0

[Event "VI Festival Piemonte Scacchi"]
[Site "Torino ITA"]
[Date "2005.11.27"]
[Round "8"]
[White "Domenichelli, Serafino"]
[Black "Marvin, Elio"]
[Result "1-0"]
[WhiteElo "1826"]
[BlackElo "1696"]
[PlyCount "109"]
[EventDate "2005.11.18"]

1. e4 e5 2. Nf3 d6 3. Nc3 c5 4. d3 Nf6 5. Bg5 Be7 6. Be2 Be6 7. O-O O-O 8. h3
Nc6 9. a3 a6 10. Qd2 h6 11. Bh4 b5 12. Bg3 Nd4 13. Nd1 Nxe2+ 14. Qxe2 Nh5 15.
Bh2 Nf4 16. Bxf4 exf4 17. Nc3 Qd7 18. Rfe1 Rae8 19. Rad1 g5 20. Nh2 Bf6 21. Qd2
Bg7 22. f3 h5 23. Rb1 Be5 24. Ne2 d5 25. exd5 Bxd5 26. Nc3 Bd4+ 27. Kh1 Be3 28.
Qd1 Bc6 29. Nf1 f5 30. Nxe3 fxe3 31. Qe2 f4 32. Rbd1 Qg7 33. Rb1 h4 34. Ne4 Qe5
35. c3 Rd8 36. Rbd1 Rfe8 37. Qc2 Kg7 38. Re2 Qd5 39. b3 c4 40. bxc4 bxc4 41. d4
Rb8 42. Rb1 Re6 43. Nc5 Rxb1+ 44. Qxb1 Re7 45. Qb6 Be8 46. Qxa6 Bg6 47. a4 Bf5
48. Qb5 Bxh3 49. Ne4 Qxb5 50. axb5 Rxe4 51. fxe4 Bg4 52. b6 Bc8 53. Kg1 Bb7 54.
e5 Kf7 55. Ra2 1-0

[Event "VI Festival Piemonte Scacchi"]
[Site "Torino ITA"]
[Date "2005.11.27"]
[Round "8"]
[White "Finocchiaro, Gianluca"]
[Black "Martin, Tiziano"]
[Result "1-0"]
[WhiteElo "1834"]
[BlackElo "2002"]
[PlyCount "83"]
[EventDate "2005.11.18"]

1. e4 e5 2. Nf3 Nc6 3. Nc3 d6 4. d4 exd4 5. Nxd4 Nf6 6. Be2 Bd7 7. O-O Be7 8.
Be3 O-O 9. h3 Re8 10. Nxc6 Bxc6 11. Bf3 Nd7 12. Re1 Bf6 13. Bd4 Ne5 14. Bxe5
Bxe5 15. Qd3 Qf6 16. Nd5 Bxd5 17. Qxd5 c6 18. Qb3 Re7 19. c3 Qf4 20. Rad1 Rae8
21. c4 Qh2+ 22. Kf1 c5 23. Qc2 Bd4 24. a3 Qe5 25. b4 cxb4 26. axb4 Bc3 27. Rd5
Qf6 28. Rb1 Be5 29. c5 dxc5 30. Qxc5 b6 31. Qb5 Qf4 32. Rd7 g6 33. Rxa7 Bc7 34.
Raa1 f5 35. Qd5+ Kh8 36. Ra8 Rxa8 37. Qxa8+ Kg7 38. exf5 Qc4+ 39. Kg1 Qxb4 40.
f6+ Kf7 41. Be4 Kxf6 42. Qf8+ 1-0

[Event "VI Festival Piemonte Scacchi"]
[Site "Torino ITA"]
[Date "2005.11.27"]
[Round "8"]
[White "La Tessa, Domenico"]
[Black "Verardi, Gianparide"]
[Result "1/2-1/2"]
[WhiteElo "1520"]
[BlackElo "1640"]
[PlyCount "92"]
[EventDate "2005.11.18"]

1. d4 Nf6 2. c4 d6 3. Nc3 g6 4. g3 Bg7 5. Bg2 O-O 6. Nf3 c6 7. O-O a6 8. Qc2
Qc7 9. e3 b6 10. a4 Bb7 11. b3 Nbd7 12. Bb2 Rfe8 13. Rfe1 e5 14. dxe5 dxe5 15.
Rad1 Rad8 16. Rd2 a5 17. Red1 h6 18. Ne1 Nc5 19. Nd3 Nfd7 20. Nxc5 Nxc5 21. Ne4
Nxe4 22. Bxe4 f5 23. Bg2 Kf7 24. f4 Rxd2 25. Qxd2 Re7 26. Kf2 e4 27. Bxg7 Kxg7
28. Qd4+ Kf7 29. Qh8 h5 30. Qh7+ Kf6 31. Qh8+ Rg7 32. Qf8+ Ke6 33. c5 bxc5 34.
Qxc5 Ba6 35. Bf1 Bxf1 36. Kxf1 Rd7 37. Rxd7 Qxd7 38. Qe5+ Kf7 39. Qc3 Qd5 40.
Ke2 Ke6 41. Qc4 Qxc4+ 42. bxc4 Kd6 43. Kd2 c5 44. Ke2 Ke6 45. Kf2 Kf6 46. Kg2
g5 1/2-1/2

[Event "VI Festival Piemonte Scacchi"]
[Site "Torino ITA"]
[Date "2005.11.27"]
[Round "8"]
[White "Marello, Giampiero"]
[Black "Macario, Marco"]
[Result "0-1"]
[WhiteElo "1556"]
[BlackElo "1689"]
[PlyCount "28"]
[EventDate "2005.11.18"]

1. d4 c5 2. dxc5 e6 3. Be3 Qc7 4. b4 a5 5. c3 Nf6 6. Nd2 Nd5 7. Qb3 Nxe3 8.
fxe3 d6 9. cxd6 Bxd6 10. Ngf3 Bd7 11. g3 axb4 12. cxb4 Ba4 13. Qb2 Bxg3+ 14.
hxg3 Qxg3# 0-1

[Event "VI Festival Piemonte Scacchi"]
[Site "Torino ITA"]
[Date "2005.11.27"]
[Round "8"]
[White "Medaglia, Enzo"]
[Black "Lanfranco, Carlo"]
[Result "1-0"]
[WhiteElo "1563"]
[BlackElo "1476"]
[PlyCount "85"]
[EventDate "2005.11.18"]

1. e4 e5 2. Nc3 Nc6 3. Nf3 Nf6 4. a3 a6 5. Bc4 h6 6. d3 d6 7. Nd5 Bg4 8. h3 Bh5
9. Bb3 Be7 10. g4 Bg6 11. Nh4 Bh7 12. Ng2 Qd7 13. f4 Nxd5 14. Bxd5 exf4 15.
Bxf4 g5 16. Bd2 O-O-O 17. Bc3 Rhf8 18. Bg7 Rg8 19. Bc3 Rgf8 20. Ne3 f6 21. Qe2
Kb8 22. b4 b5 23. a4 Na7 24. axb5 axb5 25. O-O c6 26. Bb3 Rc8 27. Ra6 Rc7 28.
Rfa1 Bg8 29. Bxg8 Rxg8 30. Nf5 Re8 31. Nxh6 c5 32. Nf5 c4 33. d4 Bf8 34. d5
Rec8 35. Qh2 Qh7 36. Kg2 Re8 37. Bd4 Qf7 38. Bxa7+ Kc8 39. Qg3 c3 40. Qd3 Rc4
41. Bd4 Rc7 42. Ra8+ Kd7 43. Qxb5+ 1-0

[Event "VI Festival Piemonte Scacchi"]
[Site "Torino ITA"]
[Date "2005.11.27"]
[Round "8"]
[White "Milanesi, Erminio"]
[Black "Diana, Riccardo"]
[Result "0-1"]
[WhiteElo "1616"]
[BlackElo "2096"]
[PlyCount "76"]
[EventDate "2005.11.18"]

1. e4 e5 2. d3 Nc6 3. g3 Nf6 4. c3 d5 5. Nd2 dxe4 6. Nxe4 Nxe4 7. dxe4 Qxd1+ 8.
Kxd1 Bc5 9. Ke2 Be6 10. Be3 Be7 11. Bh3 Bc4+ 12. Ke1 O-O 13. Bf1 Bxf1 14. Kxf1
f5 15. exf5 Rxf5 16. Ke2 Bd6 17. Nf3 h6 18. Nh4 Rf7 19. Rhf1 Re8 20. Rad1 Kh7
21. f3 a6 22. b3 Ref8 23. Ng2 g5 24. h4 Kg6 25. g4 Re8 26. Rd5 Ref8 27. Rdd1
Nd8 28. h5+ Kh7 29. Rf2 Ne6 30. b4 Ng7 31. Ne1 Ne8 32. a3 Nf6 33. Kd3 Nxg4 34.
Rg2 Nf6 35. c4 Re8 36. c5 Bf8 37. Kc4 c6 38. Rgd2 e4 0-1

[Event "VI Festival Piemonte Scacchi"]
[Site "Torino ITA"]
[Date "2005.11.27"]
[Round "8"]
[White "Moschetto, Giuliano"]
[Black "Franchitti, Luigi"]
[Result "0-1"]
[WhiteElo "1694"]
[BlackElo "1572"]
[PlyCount "120"]
[EventDate "2005.11.18"]

1. Nf3 Nf6 2. g3 e6 3. Bg2 Bc5 4. d4 Bb6 5. c3 d6 6. a4 a6 7. b4 O-O 8. O-O d5
9. Re1 h6 10. Nbd2 Nc6 11. Qb3 Re8 12. e4 dxe4 13. Nxe4 Nd5 14. Bb2 Bd7 15.
Ned2 Qf6 16. Nc4 Ba7 17. Nce5 Nxe5 18. Nxe5 Bc8 19. Ng4 Qg6 20. Nxh6+ Qxh6 21.
Bxd5 c6 22. Bg2 Bb8 23. Bc1 Qf6 24. Qd1 Bd7 25. Qf3 Qxf3 26. Bxf3 e5 27. Be3 e4
28. Bd1 f5 29. Bb3+ Kh7 30. h4 g6 31. Kg2 Rf8 32. Bg5 Bd6 33. a5 Rae8 34. Bc2
Be6 35. Re2 Bd5 36. Rae1 e3+ 37. f3 f4 38. gxf4 Bxf4 39. Bxf4 Rxf4 40. Be4 Bxe4
41. fxe4 Rfxe4 42. Kg3 Kh6 43. Rf1 Kh5 44. Rf4 Rxf4 45. Kxf4 Rf8+ 46. Kxe3 Re8+
47. Kf2 Rxe2+ 48. Kxe2 Kxh4 49. Kf2 Kg4 50. Ke3 Kf5 51. c4 g5 52. c5 g4 53. d5
cxd5 54. c6 bxc6 55. Kd4 Ke6 56. Kc5 Kd7 57. Kb6 g3 58. Kxa6 Kc7 59. Ka7 g2 60.
b5 cxb5 0-1

[Event "VI Festival Piemonte Scacchi"]
[Site "Torino ITA"]
[Date "2005.11.27"]
[Round "8"]
[White "Picarella, Marco"]
[Black "Racioppo, Paolo"]
[Result "1/2-1/2"]
[WhiteElo "1706"]
[BlackElo "2188"]
[PlyCount "40"]
[EventDate "2005.11.18"]

1. d4 f5 2. c4 d6 3. Nf3 Nf6 4. g3 g6 5. Bg2 Bg7 6. Nc3 Nc6 7. O-O O-O 8. Rb1
a6 9. b4 Ne4 10. Nxe4 fxe4 11. Ng5 Nxd4 12. Nxe4 Bf5 13. Bb2 e5 14. Rc1 Qd7 15.
e3 Nc6 16. Qd2 Ne7 17. Nc3 c6 18. f4 Qe6 19. a3 Bh6 20. Rcd1 Rad8 1/2-1/2

[Event "VI Festival Piemonte Scacchi"]
[Site "Torino ITA"]
[Date "2005.11.27"]
[Round "8"]
[White "Saccona, Silvano"]
[Black "Malano, Francesco"]
[Result "1/2-1/2"]
[WhiteElo "2155"]
[BlackElo "2037"]
[PlyCount "35"]
[EventDate "2005.11.18"]

1. e4 c5 2. Nf3 g6 3. Bc4 Bg7 4. O-O d6 5. d3 Nc6 6. c3 Qc7 7. a4 Nf6 8. h3 O-O
9. Qe2 e6 10. Bf4 e5 11. Be3 Re8 12. Ng5 Nd8 13. Na3 h6 14. Nf3 Bd7 15. Bb3 b6
16. Nd2 Ne6 17. Bxe6 fxe6 18. Nc2 1/2-1/2

[Event "VI Festival Piemonte Scacchi"]
[Site "Torino ITA"]
[Date "2005.11.27"]
[Round "8"]
[White "Torrione, William"]
[Black "Sola, Giuseppe"]
[Result "1/2-1/2"]
[WhiteElo "1883"]
[BlackElo "1902"]
[PlyCount "107"]
[EventDate "2005.11.18"]

1. d4 Nf6 2. c4 e6 3. Nc3 Bb4 4. a3 Bxc3+ 5. bxc3 c5 6. Qc2 d6 7. e4 e5 8. d5
Nbd7 9. Bd3 Nf8 10. Ne2 Ng6 11. O-O Bd7 12. f3 h6 13. Be3 Qa5 14. g3 O-O-O 15.
Nc1 Ba4 16. Nb3 Qc7 17. Qb2 Nd7 18. Bc2 Bxb3 19. Qxb3 h5 20. h3 h4 21. g4 Nf4
22. Kh2 Kb8 23. Rfb1 Ka8 24. a4 f6 25. a5 Rb8 26. Qb5 g6 27. Ba4 Rhd8 28. a6
Nb6 29. axb7+ Rxb7 30. Qa6 Nxa4 31. Qxa4 g5 32. Bxf4 exf4 33. Rb5 Rdb8 34. Rab1
Rxb5 35. cxb5 c4 36. Qb4 Qb6 37. Rb2 Rc8 38. Ra2 Kb7 39. Kg2 Rc7 40. Ra6 Qe3
41. Qb2 Qe1 42. Qf2 Qxc3 43. Rxa7+ Kc8 44. Rxc7+ Kxc7 45. Qa7+ Kc8 46. Qa6+ Kd7
47. Qc6+ Ke7 48. Qc7+ Ke8 49. Qc8+ Kf7 50. Qe6+ Kg7 51. Qe7+ Kg6 52. Qe8+ Kg7
53. Qe7+ Kh6 54. Qf8+ 1/2-1/2

[Event "XVI Festival A"]
[Site "Robecchetto con Induno ITA"]
[Date "2005.12.27"]
[Round "1"]
[White "Agrifoglio, Fabio"]
[Black "Paleologu, Vladimir"]
[Result "0-1"]
[WhiteElo "2031"]
[BlackElo "2158"]
[PlyCount "100"]
[EventDate "2005.12.27"]

1. d4 d6 2. Nf3 f5 3. g3 Nf6 4. Bg2 g6 5. h4 Bg7 6. c3 Nc6 7. d5 Ne5 8. Bf4 Nf7
9. Qb3 Ne4 10. Nbd2 Nc5 11. Qc2 e5 12. Be3 b6 13. Ng5 h6 14. Ne6 Nxe6 15. dxe6
Bxe6 16. Bxa8 Qxa8 17. O-O-O O-O 18. f4 h5 19. Nf3 Bd5 20. Rhf1 a5 21. Nd2 a4
22. c4 Bc6 23. Nb1 Be4 24. Qd2 Qc6 25. Qb4 Bxb1 26. Kxb1 Qe4+ 27. Rd3 exf4 28.
Rxf4 Qh1+ 29. Kc2 Re8 30. Qxa4 Ra8 31. Qb3 Ne5 32. Rd1 Qg2 33. Bf2 Bh6 34. Rg1
Qc6 35. Rd4 Ng4 36. c5+ Kf8 37. Kb1 Nxf2 38. cxd6 cxd6 39. Qe6 Rc8 40. Qf6+ Kg8
41. a3 d5 42. Qxc6 Rxc6 43. Rxd5 Ne4 44. Rd7 Rd6 45. Rc7 Be3 46. Rg2 Rd2 47. g4
hxg4 48. Rc2 Rd1+ 49. Ka2 g3 50. Rc6 Kg7 0-1

[Event "XVI Festival A"]
[Site "Robecchetto con Induno ITA"]
[Date "2005.12.27"]
[Round "1"]
[White "Brigati, Alessandro"]
[Black "Tramalloni, Luca"]
[Result "1-0"]
[WhiteElo "2006"]
[BlackElo "2136"]
[PlyCount "77"]
[EventDate "2005.12.27"]

1. d4 Nf6 2. c4 e6 3. Nc3 Bb4 4. Qc2 c5 5. dxc5 O-O 6. a3 Bxc5 7. Bg5 Be7 8. e3
d6 9. Nf3 b6 10. Rd1 a6 11. Bd3 Nbd7 12. Ne4 h6 13. Bf4 e5 14. Bg3 Bb7 15. O-O
Rc8 16. Nxf6+ Bxf6 17. Be4 Bxe4 18. Qxe4 Qc7 19. b3 Nc5 20. Qb1 Be7 21. Rd5 Nd7
22. Rfd1 Nf6 23. R5d2 b5 24. cxb5 axb5 25. Nh4 d5 26. Qb2 Ne4 27. Bxe5 Qa7 28.
Bxg7 Bxa3 29. Qa1 Nxd2 30. Bxf8 Rxf8 31. Rxd2 Rc8 32. Rd1 b4 33. Nf5 Rc3 34.
Nxh6+ Kh7 35. Ng4 Rxb3 36. Qf6 Bb2 37. Qf5+ Kg7 38. Qxd5 Ra3 39. Qg5+ 1-0

[Event "XVI Festival A"]
[Site "Robecchetto con Induno ITA"]
[Date "2005.12.27"]
[Round "1"]
[White "Damia, Angelo"]
[Black "Cervini, Gian Piero"]
[Result "1-0"]
[WhiteElo "2137"]
[BlackElo "2028"]
[PlyCount "77"]
[EventDate "2005.12.27"]

1. e4 d6 2. d4 Nf6 3. Nc3 g6 4. f4 Bg7 5. Nf3 c6 6. e5 Ng4 7. Bd3 Na6 8. a3 O-O
9. h3 Nh6 10. Be3 b5 11. Qd2 Qa5 12. g4 f5 13. g5 Nf7 14. Kf2 Nc7 15. b4 Qb6
16. d5 c5 17. e6 Nd8 18. bxc5 dxc5 19. Ne5 Qd6 20. Bxb5 Bxe5 21. fxe5 Qxe5 22.
Bf4 Qd4+ 23. Qxd4 cxd4 24. Bxc7 dxc3 25. Rhe1 Nb7 26. Bc6 a5 27. d6 Ra6 28.
Bxb7 Bxb7 29. d7 Bc8 30. d8=Q Rxd8 31. Bxd8 Bxe6 32. Bxa5 Rd6 33. Bb4 Rd2+ 34.
Re2 Rxe2+ 35. Kxe2 Bc4+ 36. Ke3 e5 37. Bxc3 e4 38. Kf4 Kf7 39. a4 1-0

[Event "XVI Festival A"]
[Site "Robecchetto con Induno ITA"]
[Date "2005.12.27"]
[Round "1"]
[White "Ljubisavljevic, Zivojin Z."]
[Black "Corti, Corrado"]
[Result "1-0"]
[WhiteElo "2286"]
[BlackElo "2067"]
[PlyCount "29"]
[EventDate "2005.12.27"]

1. b3 d5 2. Bb2 Nf6 3. e3 e6 4. f4 b6 5. Nf3 Nbd7 6. Bb5 c5 7. Bc6 Ba6 8. Bxa8
Qxa8 9. a4 Be7 10. Nc3 h5 11. Nb5 Qb8 12. Ne5 Bb7 13. Nxd7 Kxd7 14. Be5 Qa8 15.
a5 1-0

[Event "XVI Festival A"]
[Site "Robecchetto con Induno ITA"]
[Date "2005.12.27"]
[Round "1"]
[White "Pace, Pietro Dario"]
[Black "Andreoli, Mark"]
[Result "1-0"]
[WhiteElo "2233"]
[BlackElo "2052"]
[PlyCount "71"]
[EventDate "2005.12.27"]

1. e4 c5 2. Nf3 d6 3. d4 cxd4 4. Nxd4 Nf6 5. Nc3 g6 6. Be2 Bg7 7. O-O O-O 8.
Be3 Nc6 9. Nb3 Be6 10. f4 Rc8 11. Bf3 a5 12. Nd5 a4 13. Nd4 Bxd5 14. exd5 Nxd4
15. Bxd4 Qa5 16. c3 b5 17. Re1 Rfe8 18. Qd2 Qc7 19. b3 Ra8 20. Rac1 axb3 21.
axb3 Ra3 22. c4 bxc4 23. bxc4 Rea8 24. c5 Ra2 25. Qe3 R8a4 26. cxd6 Qxd6 27.
Rc8+ Bf8 28. Be5 Qd7 29. Qc5 Ra5 30. Qc6 Qxc6 31. dxc6 Nd5 32. Rc1 f6 33. Bxd5+
Rxd5 34. c7 fxe5 35. Rd8 Rdd2 36. Rxd2 1-0

[Event "XVI Festival A"]
[Site "Robecchetto con Induno ITA"]
[Date "2005.12.27"]
[Round "1"]
[White "Trumpf, Walter"]
[Black "Caselli, Luigi"]
[Result "1/2-1/2"]
[WhiteElo "2058"]
[BlackElo "2286"]
[PlyCount "65"]
[EventDate "2005.12.27"]

1. d4 c5 2. d5 e5 3. dxe6 fxe6 4. e4 Nc6 5. Nc3 Nf6 6. f4 d6 7. Nf3 Be7 8. Bc4
a6 9. a4 Nb4 10. O-O d5 11. exd5 exd5 12. Be2 Bf5 13. Ne1 Qd7 14. Nd3 Nxd3 15.
Bxd3 c4 16. Bxf5 Bc5+ 17. Kh1 Qxf5 18. Re1+ Kf7 19. Re5 Qd7 20. f5 Rhe8 21. Bf4
Rxe5 22. Bxe5 Qxf5 23. Bxf6 gxf6 24. Qxd5+ Qxd5 25. Nxd5 Re8 26. Rf1 Re2 27.
Nxf6 Kg6 28. h4 h5 29. Nd7 Bf2 30. Ne5+ Rxe5 31. Rxf2 Re1+ 32. Kh2 Rb1 33. Rf4
1/2-1/2